000 00728 a2200217 4500
010 _aENG-88737
020 _c350.00
_a8120333215
035 _aEN-72270
037 _bDBAD / PUB
082 1 4 _a338.5024658
090 _c9276
_d9276
100 1 _aKasi Reddy, M.
245 1 _aManagerial economics and financial accounting/
_c by M. Kasi Reddy [and] S. Saraswathi
260 _aNew Delhi
_bPrentice-Hall of India
_c2007
270 _aM-97, Connaught Circus
_bNew Delhi
_e110 001
300 _axiv, 578 p.
_c24 cm. (Pbk)
500 _aIncludes index
700 1 _aS. Saraswathi
942 _adpl
_cEN
_k338.5024658 / KAS
999 _c9109
_d9109